A la sombra de Hume : un balance crítico del intento de la neuroética de fundamentar la moral /
Estudio que sutentado en los aportes de la neuroética y la filosofía de David Hume (1711-1776), filósofo británico nacido en Edimburgo y uno de los principales representantes del empirismo, analiza si los juicios morales son producto del razonamiento o el resultado de emociones e intuiciones.
Salvato in:
| Autore principale: | |
|---|---|
| Natura: | Libro |
| Lingua: | spagnolo |
| Pubblicazione: |
Madrid, España :
Marcial Pons,
2017, c2017
|
| Serie: | (Filosofía y Derecho Marcial Pons)
|
| Soggetti: | |
| Tags: |
Nessun Tag, puoi essere il primo ad aggiungerne!!
|
MARC
| LEADER | 00000nam^a2200000^a^4500 | ||
|---|---|---|---|
| 001 | 000558054 | ||
| 005 | 20250521000000.0 | ||
| 009 | 20260310131813.614 | ||
| 020 | |a 978-84-9123-421-0 | ||
| 037 | |a Acervo Xavier Clavigero | ||
| 041 | |a ESP | ||
| 082 | |a 340. 1 |b FYD V. 31 | ||
| 100 | |a González Lagier, Daniel |e (autor) | ||
| 245 | 1 | 0 | |a A la sombra de Hume : |b un balance crítico del intento de la neuroética de fundamentar la moral / |c D. González Lagier. |
| 264 | 4 | |a Madrid, España : |b Marcial Pons, |c 2017, c2017 | |
| 300 | |a 104 p, | ||
| 336 | |a texto |b txt |2 rdacontenido | ||
| 337 | |a sin mediación |b n |2 rdamedio | ||
| 338 | |a volumen |b nc |2 rdasoporte | ||
| 440 | 1 | |a (Filosofía y Derecho Marcial Pons) | |
| 520 | |a Estudio que sutentado en los aportes de la neuroética y la filosofía de David Hume (1711-1776), filósofo británico nacido en Edimburgo y uno de los principales representantes del empirismo, analiza si los juicios morales son producto del razonamiento o el resultado de emociones e intuiciones. | ||
| 521 | |a Peticiones 2023 | ||
| 649 | |a XX | ||
| 650 | |a Filósofos Escoceses | ||
| 650 | |a Filósofos Británicos | ||
| 650 | |a Emoción - |x Aspectos Eticos | ||
| 650 | |a Intuicionismo | ||
| 650 | |a Neurociencias - |x Aspectos Eticos | ||
| 650 | |a Etica - |x Tema Principal | ||
| 650 | |a Empirismo - |x Historia y Crítica | ||
| 650 | |a Filosofía Moderna - |x Historia y Crítica | ||
| 650 | |a Filosofía Escocesa - |x Historia y Crítica | ||
| 650 | |a Filosofía Inglesa - |x Historia y Crítica | ||
| 650 | |a Hume, David - |x Tema Principal | ||
| 910 | |a Fondo General | ||
| 920 | |a Impresos - Libros | ||
| 930 | |a Colección General | ||
| 905 | |a 101 | ||
| 901 | |a 0500396101 |b IT1 |c ACC |i C2415 |u 20250521 | ||
| 902 | |a https://opac.biblio.iteso.mx/vufind/Record/000558054 | ||